00653nam a2200193Ia 4500008004100000020001300041082001600054100002400070245004900094250000700143260003500150300002700185500001900212600002100231650005000252942000700302952013500309999001500444240925s9999 xx 000 0 und d a70238545 a005.133 GOT aGottfried, Byron S. 0aSOS Theory of Problems of Programming with C aNA aToronto:bMc Graw-Hillc,1990. axv,335p.bNAfOriginal aIncludes Index aComputer Science aComputer science, information & general works cBK 001040708CSaUITUbUITUd1996-08-27eParamount Book Pvt Ltdg286.00l0o005.133 GOTpQ0689r2024-09-25 07:12:10w2024-09-25yBK c3188d3188